[Event "Liptovsky Jan op"]
[Site "Liptovsky Jan"]
[Date "2022.06.25"]
[Round "5"]
[White "Carnecky, Michal"]
[Black "Koren, Juraj"]
[Result "0-1"]
[WhiteElo "1382"]
[BlackElo "1516"]
[PlyCount "84"]
[EventDate "2022.06.23"]
[EventType "swiss"]
[EventRounds "7"]
[EventCountry "SVK"]
[SourceTitle "CBM 209 Extra"]
[Source "ChessBase"]
[SourceDate "2022.09.30"]
[SourceVersion "1"]
[SourceVersionDate "2022.09.30"]
[SourceQuality "1"]

1. c4 Nf6 2. Nc3 e5 3. a3 Be7 4. d3 0-0 5. Nf3 d6 6. g3 Be6 7. Bg2 Nbd7 8. Qc2 c6 9. 0-0 d5 10. cxd5 cxd5 11. d4 e4 12. Ng5 Rc8 13. Nxe6 fxe6 14. Qd1 Nb6 15. e3 Nc4 16. Qe1 e5 17. b3 exd4 18. bxc4 dxc3 19. cxd5 Qxd5 20. Qd1 Rfd8 21. Qc2 Qd3 22. Ra2 Rc6 23. Qb3+ Qc4 24. Qxc4+ Rxc4 25. Rc2 b5 26. f3 b4 27. axb4 Bxb4 28. Rff2 Ba5 29. h3 Ra4 30. Kh2 Ra1 31. Rf1 Ra4 32. fxe4 Nxe4 33. Rf4 Nc5 34. Rcf2 Rxf4 35. exf4 Nd3 36. Rc2 Bb4 37. Be3 Ne1 38. Re2 Nxg2 39. Bxa7 Rd2 40. Rxg2 c2 41. Be3 c1Q 42. Bxd2 Bxd2 0-1

[Event "SVK-chT2C 2122"]
[Site "Slovakia"]
[Date "2022.04.30"]
[Round "10.7"]
[White "Carnecky, Michal"]
[Black "Brazina, Peter"]
[Result "1/2-1/2"]
[WhiteElo "1361"]
[BlackElo "1692"]
[PlyCount "49"]
[EventDate "2021.10.16"]
[EventType "team-tourn"]
[EventRounds "11"]
[EventCountry "SVK"]
[SourceTitle "EXT 2023"]
[Source "ChessBase"]
[SourceDate "2022.10.05"]
[SourceVersion "1"]
[SourceVersionDate "2022.10.05"]
[SourceQuality "1"]
[WhiteTeam "Kysucke Nove Mesto"]
[BlackTeam "Dunajov III"]
[WhiteTeamCountry "SVK"]
[BlackTeamCountry "SVK"]

1. d4 Nf6 2. c4 g6 3. Nc3 d5 4. cxd5 Nxd5 5. e4 Nxc3 6. bxc3 Bg7 7. Nf3 0-0 8. h3 c5 9. Be3 Nc6 10. Be2 cxd4 11. cxd4 Qa5+ 12. Bd2 Qd8 13. Bc3 e6 14. 0-0 b6 15. Rc1 Bb7 16. Qd3 Rc8 17. Rfd1 Qd6 18. d5 exd5 19. Bxg7 Kxg7 20. exd5 Ne7 21. Qd4+ Qf6 22. Rxc8 Rxc8 23. Qxf6+ Kxf6 24. d6 Nf5 25. g4 1/2-1/2